Mbinu za uandishi : (Record no. 29198)

000 -LEADER
fixed length control field 00554nam a2200157 4500
008 - FIXED-LENGTH DATA ELEMENTS--GENERAL INFORMATION
fixed length control field 171120b xxu||||| |||| 00| 0 eng d
020 ## - INTERNATIONAL STANDARD BOOK NUMBER
International Standard Book Number 9966846336
020 ## - INTERNATIONAL STANDARD BOOK NUMBER
International Standard Book Number 9789966846334
050 ## - LIBRARY OF CONGRESS CALL NUMBER
Classification number PL 8704 .K57 2011
100 ## - MAIN ENTRY--PERSONAL NAME
Personal name Kitsao, Jay
245 ## - TITLE STATEMENT
Title Mbinu za uandishi :
Remainder of title uakifishi, insha, ufahamu, ufupisho, mwongozo wa jumla /
260 ## - PUBLICATION, DISTRIBUTION, ETC. (IMPRINT)
Place of publication, distribution, etc. Nairobi :
Name of publisher, distributor, etc. University of NAirobi Press,
Date of publication, distribution, etc. 2011.
300 ## - PHYSICAL DESCRIPTION
Extent xi, 105p. ;
Dimensions 20 cm.
650 ## - SUBJECT ADDED ENTRY--TOPICAL TERM
Topical term or geographic name as entry element Swahili language
Form subdivision Style
General subdivision Handbook, Manual, etc
942 ## - ADDED ENTRY ELEMENTS (KOHA)
Source of classification or shelving scheme
Koha item type Africana (Books)
Classification part PL 8704 .K57 2011
Koha issues (borrowed), all copies 3
Holdings
Withdrawn status Lost status Source of classification or shelving scheme Damaged status Not for loan Home library Current library Shelving location Date acquired Source of acquisition Cost, normal purchase price Total Checkouts Full call number Barcode Date last seen Date last checked out Price effective from Koha item type
          MACHAKOS UNIVERSITY LIBRARY MACHAKOS UNIVERSITY LIBRARY Africana 20/11/2017 Purchase (UNES) 700.00 6 PL 8704 .K57 2011 37270 15/03/2025 15/03/2025 20/11/2017 Africana (Books)
© Machakos University Library, Along The Highway, Machakos Wote Rd, Machakos, Kenya P.O. Box 136 - 90100 Machakos - Kenya

Tel: ( +254 ) 723 805829 OR Fax : 044-20353 OR Email: library@mksu.ac.ke